Statistics for Ninja Sex Party Quiz

Click here to take the quiz!

General Stats

  • This quiz has been taken 161 times
  • The average score is 8 of 13

Answer Stats

HintAnswer% Correct
The lead singer of the band, also a Game Grump.Danny Sexbang
100%
The instrumentalist, producer and keyboardist. He's a theoretical physicist.Ninja Brian
98%
Year it was released:2011
82%
Their first album:NSFW
80%
Irish YouTuber who appears in the video for Cool Patrol.JackSepticEye
79%
Their two albums that are just covers of songs from the 1980s, from 2017:Under the Covers
79%
Their backup band:Tupper Ware Remix Party
73%
Their second album:Strawberries and Cream
72%
Their third album from 2015:Attitude City
68%
What city they're from:New York City
46%
First song that NSP released in 2010:Dinosaur Laser Fight
16%
Animated YouTube series they made a song for:Dick Figures
13%
Singer featured on 6969:Michael Starr
13%

Score Distribution

Percentile by Number Answered

Percent of People with Each Score

Your Score History

You have not taken this quiz